HPCM2 (Biên dịch NC)
Spremljeno u:
| Format: | Knjiga |
|---|---|
| Oznake: |
Dodaj oznaku
Bez oznaka, Budi prvi tko označuje ovaj zapis!
|
| Thư viện lưu trữ: | Mạng thư viện Đại học Đà Nẵng |
|---|
| LEADER | 00369nam a22001571a 4500 | ||
|---|---|---|---|
| 001 | 000036025 | ||
| 003 | 12317 | ||
| 005 | 20160321135241.0 | ||
| 008 | 160321s0 000 | ||
| 245 | |a HPCM2 (Biên dịch NC) | ||
| OWN | |a LNN | ||
| 999 | |a From the UDN01 | ||
| TYP | |a Monograph | ||
| 980 | |a Mạng thư viện Đại học Đà Nẵng | ||